| 000 | 01112nam a22002297a 4500 | ||
|---|---|---|---|
| 005 | 20231215142037.0 | ||
| 010 | _aB-536962-969 | ||
| 020 |
_a9781910608814 _c$ 575 Rs.34551.75 (set of 4 vol) |
||
| 035 | _aB-536962-969 | ||
| 037 |
_adpl _bBSB/Ven |
||
| 082 | _a025.431 | ||
| 100 |
_aDewey, Melvil 1851-1931 _959877 |
||
| 245 |
_aDewey decimal classification and relative index / _bdevised by Melvil Dewey;edited by Joan S. Mitchell, ...(et al) |
||
| 250 | _a23 ed. | ||
| 260 |
_aDublin _bOCLC Online Computer Library Centre, _c2011 |
||
| 270 |
_a6565 Frantz Road, Dublin,OH43017-3395 USA _bDublin (USA) _e430173395 |
||
| 300 |
_a4v .(lxxv,779; xvi,1289p.; 1140p.; 965p.) _b24cm (Hb) |
||
| 500 | _av.1-Manual tables, v.2-Schedules 000-599, v.3-Schedules 600-999, v.4-Index | ||
| 700 |
_dMitchell, Joan S. _959878 |
||
| 942 |
_2ddc _cEN _h025.431 _mDEW |
||
| 999 |
_c87831 _d87831 |
||